1 image = 1 clip - Statistiques

Statistiques générales
  • Ce quiz a été pris 1 089 fois
    1 080 depuis la dernière actualisation
  • Le résultat moyen est 9 sur 15
Statistiques - réponses
Par images Hint Réponse % Correct
Artiste accepté Bad Romance
90%
Thriller
82%
Balance ton quoi
78%
Chandelier
78%
Toxic
73%
Tous les mêmes
70%
Groupe accepté I Want to Break Free
69%
Artiste accepté Pourvu qu'elles soient douces
68%
Groupe accepté One more time
61%
Single ladies
51%
Artiste accepté My name is
47%
Je danse le Mia
34%
Groupe accepté Another Brick in the Wall
24%
Vogue
18%
Groupe accepté D.A.N.C.E
15%
Aucun quiz correspondant
Distribution des résultats
% des personnes avec chaque résultat
Percentile par nombre de réponses
Votre historique - résultats
Vous n’avez pas pris ce quiz depuis la dernière actualisation